000 00347nam a2200133Ia 4500
008 100328s9999 xx 000 0 und d
082 _b35342
100 _aसामंत माया
245 _aघरंदाज
260 _bयोगेश्वरी
630 _aघरंदाज
730 _aघरंदाज
942 _cBOOK
999 _c525284
_d525281